[Event "II Campionato Italiano Lampo Online"]
[Site "playchess.com"]
[Date "2007.12.23"]
[Round "1.6"]
[White "Vocaturo, Daniele"]
[Black "Brunello, Sabino"]
[Result "1-0"]
[WhiteElo "2637"]
[BlackElo "2692"]
[PlyCount "59"]
[EventDate "2007.12.23"]
[Source "www.chesslib.no"]
[SourceDate "2004.05.04"]

1. f4 e5 2. fxe5 Nc6 3. Nf3 g5 4. d4 g4 5. Ng5 h6 6. Ne4 d5 7. exd6 cxd6 8. Nbc3 Bg7 9. e3 Nge7 10. Bd3 d5 11. Ng3 h5 12. O-O h4 13. Nf5 Nxf5 14. Bxf5 g3 15. hxg3 hxg3 16. Bxc8 Rxc8 17. Qg4 Bf8 18. Qf5 Rc7 19. Nxd5 Bd6 20. Nxc7+ Qxc7 21. c3 Qe7 22. e4 Qh4 23. Qxf7+ Kd8 24. Qf6+ Qxf6 25. Rxf6 Be7 26. Rf3 Bh4 27. Bf4 Ne7 28. Bxg3 Ng6 29. Bxh4+ Nxh4 30. Rh3 1-0

[Event "Correspondence"]
[Site "Correspondence"]
[Date "1990.??.??"]
[Round "?"]
[White "Hayward"]
[Black "Harrison"]
[Result "1-0"]
[WhiteElo "2560"]
[BlackElo "2560"]
[PlyCount "44"]
[EventDate "1990.??.??"]
[Source "www.chesslib.no"]
[SourceDate "2004.05.04"]

1. f4 e5 2. fxe5 d6 3. Nf3 g5 4. e4 g4 5. Bc4 gxf3 6. Qxf3 Qe7 7. O-O Be6 8. exd6 Qxd6 9. Bxe6 Qxe6 10. d4 Nd7 11. Nc3 Bg7 12. e5 c6 13. Ne4 O-O-O 14. Qxf7 Qg4 15. Bf4 Nh6 16. Nd6+ Kb8 17. Qb3 Nb6 18. a4 Rxd6 19. exd6 Bxd4+ 20. Kh1 Nf5 21. d7+ Ka8 22. Qf7 Nxd7 1-0

[Event "RUS-Cup"]
[Site "?"]
[Date "1998.??.??"]
[Round "3"]
[White "Malaniuk Vladimir P"]
[Black "Tseshkovsky Vitaly"]
[Result "1-0"]
[WhiteElo "2600"]
[BlackElo "2510"]
[PlyCount "53"]
[EventDate "1998.??.??"]
[Source "www.chesslib.no"]
[SourceDate "2004.05.04"]

1. f4 e5 2. fxe5 d6 3. exd6 Bxd6 4. Nf3 g5 5. g3 Nc6 6. c3 g4 7. Nh4 f5 8. d4 f4 9. Qd3 Nf6 10. Bxf4 Bxf4 11. gxf4 O-O 12. Nd2 Be6 13. O-O-O Bxa2 14. h3 Nd5 15. Ng2 Qe7 16. hxg4 Rad8 17. e3 Rd6 18. Rh5 Ncb4 19. Qe4 Qd7 20. Bb5 c6 21. Bc4 Bxc4 22. Nxc4 Nf6 23. Rg5+ Kh8 24. Qf5 Nbd5 25. Nxd6 Qxd6 26. Rh1 c5 27. Nh4 1-0

[Event "Russian Club Cup"]
[Site "Maikop"]
[Date "1998.06.04"]
[Round "2"]
[White "Malaniuk, Vladimir P"]
[Black "Dyachkov, Sergej"]
[Result "0-1"]
[WhiteElo "2600"]
[BlackElo "2510"]
[PlyCount "94"]
[EventDate "1998.06.03"]
[Source "ChessBase"]
[SourceDate "1998.09.30"]

1. f4 e5 2. fxe5 d6 3. exd6 Bxd6 4. Nf3 Nf6 5. e3 Ng4 6. Qe2 Nc6 7. Nc3 Nce5 8. g3 h5 9. d4 Nxf3+ 10. Qxf3 h4 11. Ne2 hxg3 12. hxg3 Rxh1 13. Qxh1 Qf6 14. Qg2 Bd7 15. e4 Bc6 16. c3 O-O-O 17. Nf4 Re8 18. d5 Bd7 19. Bd2 Bxf4 20. gxf4 Qh4+ 21. Kd1 Rxe4 22. Kc2 Bf5 23. Kb3 Qf6 24. Qg1 a5 25. Qc5 a4+ 26. Ka3 Bd7 27. Bd3 b6 28. Qf8+ Re8 29. Qb4 Nf2 30. Ba6+ Kb8 31. Re1 Rxe1 32. Bxe1 Nh3 33. Bd2 Qf5 34. Bf1 Qxd5 35. Be3 Kb7 36. c4 Qf3 37. Qe1 Nxf4 38. Qd2 Bc6 39. b3 axb3 40. Kxb3 Ne6 41. Bd3 Be4 42. Be2 Qf5 43. Qc3 Nc5+ 44. Ka3 Bf3 45. Bf1 g5 46. Bd4 g4 47. Be5 Qb1 0-1

[Event "RUS-Cup"]
[Site "?"]
[Date "1998.??.??"]
[Round "7"]
[White "Malaniuk Vladimir P"]
[Black "Ovetchkin Roman"]
[Result "1-0"]
[WhiteElo "2600"]
[BlackElo "2475"]
[PlyCount "39"]
[EventDate "1998.??.??"]
[Source "www.chesslib.no"]
[SourceDate "2004.05.04"]

1. f4 e5 2. fxe5 d6 3. exd6 Bxd6 4. Nf3 Nf6 5. e3 Nc6 6. Bb5 O-O 7. Bxc6 bxc6 8. O-O c5 9. b3 Ne4 10. Bb2 f5 11. Na3 Bb7 12. Nc4 Qe7 13. d3 Ng5 14. Nxg5 Qxg5 15. Qd2 Rae8 16. Rae1 Re6 17. e4 f4 18. Rf3 Rh6 19. Nxd6 cxd6 20. Rg3 1-0

[Event "Kavala op 11th"]
[Site "Kavala"]
[Date "2002.08.16"]
[Round "8"]
[White "Grunberg, Mihai"]
[Black "Kotronias, Vasilios"]
[Result "1/2-1/2"]
[WhiteElo "2445"]
[BlackElo "2578"]
[PlyCount "135"]
[EventDate "2002.08.10"]
[Source "ChessBase"]
[SourceDate "2002.09.11"]

1. f4 e5 2. fxe5 d6 3. exd6 Bxd6 4. Nf3 g5 5. d4 g4 6. Ne5 Bxe5 7. dxe5 Qxd1+ 8. Kxd1 Nc6 9. Nc3 Be6 10. Bf4 O-O-O+ 11. Ke1 h6 12. e3 Nge7 13. Bd3 Ng6 14. Bxg6 fxg6 15. Rd1 g5 16. Bg3 h5 17. Ne4 Rdg8 18. Nc5 Re8 19. e4 h4 20. Bf2 g3 21. hxg3 Bg4 22. gxh4 Bxd1 23. Kxd1 Nxe5 24. h5 Ng4 25. Ke2 b6 26. Nd3 Rxe4+ 27. Kf3 Nf6 28. h6 c5 29. Be1 Re6 30. Bc3 c4 31. Ne5 Nd5 32. Ng6 Rh7 33. Nf8 Rf7+ 34. Kg4 Rxf8 35. h7 Nxc3 36. h8=Q Rxh8 37. Rxh8+ Kb7 38. bxc3 Re2 39. Rh2 Rxc2 40. Kxg5 Rxa2 41. Rh7+ Kc6 42. g4 a5 43. Kf4 Rf2+ 44. Ke3 Rg2 45. Rg7 Kb5 46. g5 Ka4 47. Kf3 Rc2 48. g6 Rxc3+ 49. Kf2 Rd3 50. Rc7 Kb4 51. g7 Rd8 52. Rc6 b5 53. Rg6 a4 54. g8=Q Rxg8 55. Rxg8 a3 56. Ke3 Kc3 57. Ke4 a2 58. Rg3+ Kb2 59. Rg2+ Kb3 60. Rg3+ Kb2 61. Rg2+ Kb3 62. Rg1 c3 63. Kd3 b4 64. Rh1 c2 65. Rc1 Kb2 66. Rxc2+ Kb1 67. Rh2 b3 68. Kc4 1/2-1/2

[Event "1/2 final"]
[Site "Cork 1/2 final"]
[Date "1992.??.??"]
[Round "?"]
[White "Gurtovoi, N."]
[Black "Goldshtein"]
[Result "1-0"]
[WhiteElo "2500"]
[BlackElo "2500"]
[PlyCount "49"]
[EventDate "1992.??.??"]
[Source "www.chesslib.no"]
[SourceDate "2004.05.04"]

1. f4 e5 2. fxe5 d6 3. exd6 Bxd6 4. Nf3 g5 5. g3 g4 6. Nh4 Ne7 7. e4 Bc5 8. Bg2 Be6 9. Nc3 Nbc6 10. d3 O-O 11. Bh6 Re8 12. Qd2 Qd4 13. Rf1 Ng6 14. Nf5 Bxf5 15. Rxf5 Nce5 16. Ke2 Nf3 17. Bxf3 Qf2+ 18. Kd1 Qg1+ 19. Qe1 gxf3 20. Qxg1 Bxg1 21. Nd5 Re5 22. Nf6+ Kh8 23. Rxf3 Rd8 24. Ke2 Bc5 25. Raf1 1-0

[Event "BL2-Nord 0102"]
[Site "Germany"]
[Date "2002.03.17"]
[Round "7.1"]
[White "Danielsen, Henrik"]
[Black "Stern, Rene"]
[Result "0-1"]
[WhiteElo "2526"]
[BlackElo "2474"]
[PlyCount "76"]
[EventDate "2001.10.07"]
[Source "ChessBase"]
[SourceDate "2002.07.08"]

1. f4 e5 2. fxe5 d6 3. exd6 Bxd6 4. Nf3 g5 5. g3 Nc6 6. Nc3 g4 7. Nh4 Be7 8. Ng2 h5 9. Nf4 h4 10. Bg2 hxg3 11. hxg3 Rxh1+ 12. Bxh1 Qd4 13. e3 Qh8 14. Bxc6+ bxc6 15. Qe2 Nf6 16. Qg2 Bb7 17. e4 Nd7 18. d3 Ne5 19. Be3 Nf3+ 20. Kf2 O-O-O 21. Rh1 Qf8 22. Rh5 Bf6 23. Qh1 Qb4 24. Qa1 Bd4 25. Ng2 c5 26. a3 Qb6 27. Qa2 Qf6 28. Bxd4 Nxd4+ 29. Nf4 Nxc2 30. Qc4 Ba6 31. Qxc5 Rxd3 32. Qxa7 Rd2+ 33. Kg1 Qd4+ 34. Qxd4 Nxd4 35. Rh8+ Kb7 36. b4 Nf3+ 37. Kh1 Bf1 38. Rh6 Rc2 0-1

[Event "Donner mem-B"]
[Site "Amsterdam"]
[Date "1994.??.??"]
[Round "1"]
[White "Hort, Vlastimil"]
[Black "Bronstein, David I"]
[Result "1/2-1/2"]
[WhiteElo "2555"]
[BlackElo "2440"]
[PlyCount "38"]
[EventDate "1994.08.??"]
[Source "ChessBase"]

1. f4 e5 2. d3 exf4 3. Bxf4 d5 4. Nf3 Nf6 5. Qd2 c5 6. e4 Nc6 7. Nc3 Be6 8. Be2 Be7 9. O-O O-O 10. e5 Ne8 11. Rae1 Nc7 12. Bd1 d4 13. Ne4 Nd5 14. a3 Bf5 15. Rf2 Bg6 16. g4 Qd7 17. Rg2 Rad8 18. h4 Bxe4 19. Rxe4 f5 1/2-1/2

[Event "Open"]
[Site "Pune"]
[Date "2004.09.05"]
[Round "3"]
[White "Girinath, PDS."]
[Black "Iuldachev, Saidali"]
[Result "1/2-1/2"]
[WhiteElo "2400"]
[BlackElo "2550"]
[PlyCount "71"]
[EventDate "2004.09.03"]
[Source "Roberto Alvarez"]
[SourceDate "2004.09.21"]

1. f4 e5 2. fxe5 d6 3. exd6 Bxd6 4. Nf3 g5 5. g3 g4 6. Nh4 Ne7 7. Nc3 Ng6 8. Nxg6 hxg6 9. Ne4 Be5 10. e3 f5 11. Nf2 Bd7 12. Bg2 Bc6 13. Bxc6+ Nxc6 14. d4 Bg7 15. c3 Qe7 16. Nxg4 fxg4 17. Qxg4 O-O 18. Qxg6 Qd7 19. Bd2 Qd5 20. O-O-O Qxa2 21. e4 Rf2 22. d5 Ne5 23. Qe6+ Nf7 24. Rhe1 Rf6 25. Qe7 Ra6 26. Kc2 Qa4+ 27. Kb1 Ne5 28. Bc1 Nc4 29. Rf1 Ne5 30. Rd4 Qb5 31. Rf5 Re8 32. Qxc7 Qe2 33. Rd1 Rf8 34. Qf7+ Nxf7 35. b4 Rb6 36. Rh1 1/2-1/2

[Event "3rd Autumn"]
[Site "Alushta"]
[Date "2004.09.19"]
[Round "14"]
[White "Obukhov, Alexander"]
[Black "Nikitin, Andrey"]
[Result "1-0"]
[WhiteElo "2475"]
[BlackElo "2452"]
[PlyCount "49"]
[EventDate "2004.09.10"]
[Source "Roberto Alvarez"]
[SourceDate "2004.10.05"]

1. f4 e5 2. fxe5 d6 3. exd6 Bxd6 4. Nf3 Nf6 5. e3 Ng4 6. Qe2 Nc6 7. Nc3 Nce5 8. g3 h5 9. d4 Nxf3+ 10. Qxf3 h4 11. Bb5+ c6 12. Bxc6+ bxc6 13. Qxc6+ Kf8 14. Qxa8 hxg3 15. Nb5 Rxh2 16. Rxh2 gxh2 17. Nxd6 Qh4+ 18. Kd2 Qf2+ 19. Kc3 Qe1+ 20. Bd2 Qxa1 21. Qxc8+ Ke7 22. Nf5+ Kf6 23. e4 Kg6 24. Qf8 Kf6 25. Qd6# 1-0

[Event "Corr"]
[Site "?"]
[Date "1997.07.20"]
[Round "?"]
[White "Johansen John Martin (NOR)"]
[Black "Lanz Calavia Jose Maria (ESP)"]
[Result "1-0"]
[WhiteElo "2360"]
[BlackElo "2505"]
[PlyCount "65"]
[EventDate "1997.??.??"]
[Source "www.chesslib.no"]
[SourceDate "2004.05.04"]

1. f4 e5 2. fxe5 d6 3. exd6 Bxd6 4. Nf3 g5 5. g3 h5 6. d4 g4 7. Nh4 Nc6 8. d5 Ne5 9. Bg2 Qe7 10. Nc3 Bd7 11. Ne4 O-O-O 12. Qd4 b6 13. O-O Re8 14. c3 Rh7 15. a4 Kb8 16. a5 Bc5 17. Nxc5 bxc5 18. Qe4 Ng6 19. Nxg6 fxg6 20. Qxg6 Rg7 21. Qxh5 Nf6 22. Qh6 Ng8 23. Qf4 Bb5 24. b4 cxb4 25. Qd4 bxc3 26. Rb1 a6 27. d6 c5 28. Qd5 Qa7 29. Qc6 Rd7 30. Rxb5+ axb5 31. Qxb5+ Kc8 32. Qc6+ Kb8 33. a6 1-0

[Event "Open A"]
[Site "Prague CZE"]
[Date "2008.01.14"]
[Round "4"]
[White "Sengupta, D."]
[Black "Jackova, J."]
[Result "1-0"]
[WhiteElo "2476"]
[BlackElo "2375"]
[PlyCount "69"]
[EventDate "2008.01.11"]
[Source "www.chesslib.no"]
[SourceDate "2004.05.04"]

1. f4 e5 2. fxe5 d6 3. exd6 Bxd6 4. Nf3 g5 5. g3 h5 6. d4 g4 7. Nh4 Be7 8. Ng2 h4 9. Bf4 h3 10. Ne3 Nf6 11. Nc3 c6 12. Qd3 Rh5 13. a3 Be6 14. Ned1 Nbd7 15. e4 Qb6 16. b4 a5 17. b5 Rd8 18. bxc6 bxc6 19. Rb1 Qa7 20. Qe3 Bxa3 21. Na4 Be7 22. Bd3 Nf8 23. c3 Ng6 24. Nf2 c5 25. Bb5+ Kf8 26. d5 Bxd5 27. exd5 Nxd5 28. Qe4 Ndxf4 29. gxf4 Nh4 30. Nxg4 c4 31. Bxc4 Ng2+ 32. Ke2 Qc7 33. Rhg1 Rd6 34. Rb7 Qc6 35. Qxe7+ 1-0

[Event "It (open)"]
[Site "?"]
[Date "2005.05.22"]
[Round "9"]
[White "Taylor Timothy"]
[Black "Becerra Rivero Julio"]
[Result "1-0"]
[WhiteElo "2297"]
[BlackElo "2552"]
[PlyCount "97"]
[EventDate "2005.??.??"]
[Source "www.chesslib.no"]
[SourceDate "2004.05.04"]

1. f4 e5 2. fxe5 d6 3. exd6 Bxd6 4. Nf3 g5 5. g3 g4 6. Nh4 Ne7 7. d4 Ng6 8. Nxg6 hxg6 9. Qd3 Nc6 10. c3 Qe7 11. Bg2 Bd7 12. Nd2 O-O-O 13. Ne4 f5 14. Nxd6+ cxd6 15. Qe3 Qf7 16. d5 Ne5 17. Qxa7 Rde8 18. Be3 Nc4 19. Bd4 Qe7 20. e4 Qg5 21. O-O Qh6 22. Bxh8 Rxh8 23. Qd4 Ne3 24. h4 gxh3 25. Bf3 fxe4 26. Bxe4 Nxf1 27. Rxf1 Re8 28. Kh2 Qh5 29. Bf3 Qf5 30. c4 g5 31. g4 Qc2+ 32. Rf2 Qc1 33. Qd2 Qb1 34. b4 Qa1 35. Qb2 Qe1 36. c5 Bb5 37. cxd6 Kb8 38. d7 Rd8 39. Qd4 Bxd7 40. d6 Rf8 41. Qc5 Rc8 42. Re2 Qxe2+ 43. Bxe2 Rxc5 44. bxc5 b6 45. cxb6 Kb7 46. Kxh3 Kxb6 47. Bd3 Be6 48. a3 Kc6 49. Bf5 1-0

[Event "Corr"]
[Site "?"]
[Date "1995.??.??"]
[Round "?"]
[White "De Ruiter Tom"]
[Black "Boissel Brice"]
[Result "1/2-1/2"]
[WhiteElo "2325"]
[BlackElo "2520"]
[PlyCount "76"]
[EventDate "1995.??.??"]
[Source "www.chesslib.no"]
[SourceDate "2004.05.04"]

1. f4 e5 2. fxe5 d6 3. exd6 Bxd6 4. Nf3 Nf6 5. e3 Ng4 6. Qe2 Bxh2 7. Rxh2 Nxh2 8. Nxh2 Qh4+ 9. g3 Qxg3+ 10. Qf2 Qxf2+ 11. Kxf2 Nc6 12. Bb5 Bd7 13. b3 a6 14. Be2 O-O-O 15. Bb2 f6 16. d3 Bf5 17. a3 h5 18. Nd2 Rh6 19. Rg1 g5 20. e4 Be6 21. e5 Nxe5 22. Bxe5 fxe5 23. Rxg5 Rg8 24. Rxe5 h4 25. Rxe6 Rxe6 26. Bg4 Rxg4 27. Nxg4 Rg6 28. Kf3 b5 29. Nf1 Rg5 30. Nfe3 Rh5 31. Kg2 h3+ 32. Kh2 a5 33. Nf6 Rh8 34. Ne4 Kd7 35. a4 c6 36. Nd1 Ke6 37. Ndc3 bxa4 38. Nxa4 Kf5 1/2-1/2

[Event "Open"]
[Site "?"]
[Date "2004.05.28"]
[Round "9"]
[White "Pavlov Maxim"]
[Black "Derjabin Ilja"]
[Result "1/2-1/2"]
[WhiteElo "2451"]
[BlackElo "2391"]
[PlyCount "21"]
[EventDate "2004.??.??"]
[Source "www.chesslib.no"]
[SourceDate "2004.05.04"]

1. f4 e5 2. fxe5 d6 3. exd6 Bxd6 4. Nf3 g5 5. g3 g4 6. Nh4 Ne7 7. d3 Ng6 8. Ng2 h5 9. Be3 h4 10. gxh4 Nxh4 11. Qd2 1/2-1/2

[Event "Jonsson Mem Open, Reykjavik ISL"]
[Site "?"]
[Date "2001.??.??"]
[Round "2"]
[White "Danielsen, Hen"]
[Black "Hardarson, R."]
[Result "1-0"]
[WhiteElo "2525"]
[BlackElo "2315"]
[PlyCount "82"]
[EventDate "2001.??.??"]
[Source "www.chesslib.no"]
[SourceDate "2004.05.04"]

1. f4 e5 2. fxe5 d6 3. Nf3 dxe5 4. Nc3 Nc6 5. e4 Bc5 6. Bb5 Bg4 7. h3 Be6 8. Bxc6+ bxc6 9. d3 f6 10. b3 Ne7 11. Na4 Bb6 12. Ba3 O-O 13. Qd2 Re8 14. O-O-O Ng6 15. Bc5 Bf7 16. Rhe1 Nf8 17. Qc3 Ne6 18. d4 exd4 19. Bxd4 Nxd4 20. Nxd4 Qd6 21. Nxc6 Qf4+ 22. Kb1 Bf2 23. Re2 Bg3 24. Qc5 Kh8 25. Nc3 Qh4 26. Rf1 Bg6 27. Qd5 a6 28. e5 fxe5 29. Nxe5 Qh5 30. Nxg6+ hxg6 31. Qc6 Rf8 32. Rxf8+ Rxf8 33. Qxa6 Be5 34. Kb2 Qg5 35. Qc6 Rf1 36. b4 Qf4 37. a3 Bf6 38. Kb3 Kh7 39. Nd5 Rb1+ 40. Ka4 Qf1 41. Nxf6+ gxf6 1-0

[Event "Lone Pine Open"]
[Site "Lone Pine, CA USA"]
[Date "1978.??.??"]
[Round "3"]
[White "Taylor, Timothy"]
[Black "Mestel, Jonathan"]
[Result "0-1"]
[WhiteElo "2380"]
[BlackElo "2450"]
[PlyCount "72"]
[EventDate "1978.04.??"]
[Source "www.chesslib.no"]
[SourceDate "2004.05.04"]

1. f4 e5 2. fxe5 d6 3. exd6 Bxd6 4. Nf3 Nf6 5. d4 Ng4 6. Qd3 c5 7. Qe4+ Be6 8. Ng5 Bxh2 9. Nxe6 Qh4+ 10. Kd2 fxe6 11. Rxh2 Qg5+ 12. e3 Nxh2 13. Qxe6+ Qe7 14. Qc8+ Qd8 15. Bb5+ Nc6 16. Qxb7 O-O 17. Bxc6 Rb8 18. Qd7 Qf6 19. Nc3 cxd4 20. exd4 Rbd8 21. Ne4 Qg6 22. Bd5+ Kh8 23. Qe7 Qxg2+ 24. Kc3 Rfe8 25. Qg5 Qf3+ 26. Kc4 Qe2+ 27. Kc3 Qf3+ 28. Kc4 Qe2+ 29. Kc3 Nf3 30. Qf5 Rxd5 31. Qxd5 Rxe4 32. Bf4 h6 33. Qf5 Nxd4 34. Qf8+ Kh7 35. Rc1 Nb5+ 36. Kb3 Qc4# 0-1

[Event "III Memorial E.Geller - Open A"]
[Site "Odessa UCR"]
[Date "2007.09.14"]
[Round "7"]
[White "Chernyshov, Konstantin"]
[Black "Gorbunov, Igor"]
[Result "1-0"]
[WhiteElo "2570"]
[BlackElo "2242"]
[PlyCount "57"]
[EventDate "2007.09.08"]
[Source "www.chesslib.no"]
[SourceDate "2004.05.04"]

1. f4 e5 2. fxe5 d6 3. e6 Bxe6 4. Nf3 Nf6 5. b3 d5 6. Bb2 Bd6 7. e3 Ng4 8. Qe2 Nc6 9. g3 h5 10. Nc3 a6 11. O-O-O Qe7 12. Kb1 O-O-O 13. Bg2 Rhe8 14. Rhf1 g6 15. Bh1 Nge5 16. Qf2 Nxf3 17. Bxf3 Be5 18. d4 Bh8 19. e4 dxe4 20. Nxe4 Bf5 21. Rfe1 Qb4 22. c3 Qb6 23. Ka1 Re7 24. Nc5 Rde8 25. Rxe7 Rxe7 26. Bxh5 Kb8 27. Bf3 Ka7 28. g4 Bc8 29. Na4 1-0

[Event "Oberliga Nord N 9899"]
[Site "?"]
[Date "1998.??.??"]
[Round "?"]
[White "Danielsen Henrik"]
[Black "Kunsztowicz Uwe"]
[Result "1-0"]
[WhiteElo "2510"]
[BlackElo "2300"]
[PlyCount "89"]
[EventDate "1998.??.??"]
[Source "www.chesslib.no"]
[SourceDate "2004.05.04"]

1. f4 e5 2. fxe5 d6 3. Nf3 dxe5 4. e4 Nf6 5. c3 Bc5 6. Be2 O-O 7. Qc2 Ng4 8. h3 Nf2 9. Rf1 Nxh3 10. gxh3 Bxh3 11. Rh1 Bg2 12. Rh2 Bxf3 13. Bxf3 Qf6 14. Qd3 Nc6 15. Qf1 Rad8 16. Na3 Qg6 17. Kd1 Bxa3 18. bxa3 f5 19. exf5 Rxf5 20. Qc4+ Kh8 21. Be4 Qg1+ 22. Kc2 Qxh2 23. Bxf5 Qf4 24. Qxf4 exf4 25. d4 g5 26. Bd2 Ne7 27. Be4 Nd5 28. Rh1 Nf6 29. Bxb7 Rb8 30. Bf3 Rg8 31. c4 g4 32. Bc6 f3 33. Bf4 Kg7 34. Be5 Rf8 35. Be4 Kg8 36. Bf5 h5 37. Kd3 Kf7 38. Ke3 Rb8 39. d5 Rb6 40. Kf4 Ra6 41. Kg5 Ke7 42. Re1 Ne8 43. Bxc7+ Kf8 44. Rxe8+ Kxe8 45. d6 1-0

[Event "DEN Team Ch 9900"]
[Site "?"]
[Date "1999.??.??"]
[Round "3"]
[White "Danielsen Henrik"]
[Black "Andreasen Per"]
[Result "1-0"]
[WhiteElo "2506"]
[BlackElo "2290"]
[PlyCount "75"]
[EventDate "1999.??.??"]
[Source "www.chesslib.no"]
[SourceDate "2004.05.04"]

1. f4 e5 2. fxe5 d6 3. Nf3 dxe5 4. e4 Bc5 5. c3 Nc6 6. b4 Bb6 7. Qc2 Qf6 8. a4 Bg4 9. Be2 a5 10. b5 Nd8 11. Na3 Ne6 12. d3 Nf4 13. Bxf4 Qxf4 14. Nc4 Bxf3 15. Bxf3 Bc5 16. Rd1 h5 17. d4 exd4 18. cxd4 Bb4+ 19. Ke2 Ne7 20. g3 Qg5 21. e5 O-O 22. Bxb7 Rad8 23. Qe4 Nf5 24. Rhf1 Nd6 25. exd6 Rde8 26. Ne5 cxd6 27. Bc6 Re7 28. Rf5 Qh6 29. Qh4 dxe5 30. Rxh5 exd4+ 31. Kf1 Qf6+ 32. Qxf6 gxf6 33. Rxd4 Re5 34. Rg4+ Rg5 35. Rgxg5+ fxg5 36. Rxg5+ Kh7 37. b6 f6 38. Rb5 1-0

[Event "Steinitz mem-A 1st"]
[Site "Prague"]
[Date "2001.01.03"]
[Round "9"]
[White "Pribyl, Josef"]
[Black "Hausner, Ivan"]
[Result "1/2-1/2"]
[WhiteElo "2376"]
[BlackElo "2412"]
[PlyCount "33"]
[EventDate "2000.12.26"]
[Source "ChessBase"]
[SourceDate "2001.03.20"]

1. f4 e5 2. fxe5 d6 3. exd6 Bxd6 4. Nf3 Nf6 5. d3 Qe7 6. g3 Bg4 7. Bg2 Nc6 8. Nc3 O-O-O 9. Bf4 Rhe8 10. Qd2 Bb4 11. a3 Bxc3 12. bxc3 Nd5 13. h3 Bh5 14. e4 f5 15. Nd4 fxe4 16. Nxc6 bxc6 17. O-O 1/2-1/2

[Event "2. Coppa Final"]
[Site "Perm II Coppa Final"]
[Date "1994.??.??"]
[Round "?"]
[White "Daum, Gernot"]
[Black "Weber, Jean-Marie"]
[Result "0-1"]
[WhiteElo "2265"]
[BlackElo "2520"]
[PlyCount "58"]
[EventDate "1994.??.??"]
[Source "www.chesslib.no"]
[SourceDate "2004.05.04"]

1. f4 e5 2. fxe5 d6 3. exd6 Bxd6 4. Nf3 Nf6 5. g3 Nc6 6. Bg2 Bg4 7. d3 Bc5 8. e4 Qe7 9. Nc3 O-O-O 10. Bf4 Rhe8 11. h3 Bh5 12. g4 Nxe4 13. Nxe4 Bg6 14. Qe2 Bxe4 15. O-O-O Qf6 16. dxe4 Qxf4+ 17. Nd2 Be3 18. Rhf1 Qh6 19. c3 Re6 20. Kc2 Bxd2 21. Rxd2 Nb4+ 22. Kc1 Nxa2+ 23. Kc2 Nb4+ 24. Kc1 Red6 25. Rfd1 Rxd2 26. Rxd2 Rxd2 27. Qxd2 Nd3+ 28. Kc2 Qxd2+ 29. Kxd2 Nxb2 0-1

[Event "URS Army Ch"]
[Site "Odessa UKR"]
[Date "1991.??.??"]
[Round "?"]
[White "Legky, Nikolay A"]
[Black "Gogichaishvili, Giorgi"]
[Result "1-0"]
[WhiteElo "2400"]
[BlackElo "2380"]
[PlyCount "51"]
[EventDate "1991.??.??"]
[Source "www.chesslib.no"]
[SourceDate "2004.05.04"]

1. f4 e5 2. fxe5 d6 3. exd6 Bxd6 4. Nf3 g5 5. g3 g4 6. Nh4 Ne7 7. d4 Ng6 8. Ng2 h5 9. Qd3 Nc6 10. c3 h4 11. Rg1 hxg3 12. hxg3 Qf6 13. Nd2 Bf5 14. e4 Be6 15. Qe3 O-O-O 16. Be2 Rh3 17. e5 Ncxe5 18. dxe5 Bxe5 19. Ne4 Qf5 20. Rf1 Qh5 21. Qxa7 Bd5 22. Bg5 Bxg3+ 23. Nxg3 Qxg5 24. Rd1 c6 25. Ne4 Qe7 26. Nc5 1-0

[Event "Oberliga Nord N 9900"]
[Site "?"]
[Date "2000.??.??"]
[Round "?"]
[White "Danielsen Henrik"]
[Black "Zaitsev Mikhail"]
[Result "0-1"]
[WhiteElo "2506"]
[BlackElo "2274"]
[PlyCount "62"]
[EventDate "2000.??.??"]
[Source "www.chesslib.no"]
[SourceDate "2004.05.04"]

1. f4 e5 2. fxe5 d6 3. Nf3 dxe5 4. e4 Nf6 5. Bc4 Bc5 6. d3 O-O 7. Bg5 Be6 8. Nbd2 Nc6 9. Rf1 Be7 10. Bxf6 Bxf6 11. Bxe6 fxe6 12. Kf2 Bg5 13. Kg1 Bxd2 14. Qxd2 Qd6 15. c3 Ne7 16. Qc2 c5 17. Rad1 h6 18. Qb3 Rad8 19. d4 exd4 20. cxd4 cxd4 21. Rxd4 Qb6 22. Qxb6 axb6 23. Rb4 Rd6 24. Ne5 Rc8 25. b3 Rc2 26. Nc4 Rd4 27. Re1 Ng6 28. Rxb6 Nf4 29. g3 Nh3+ 30. Kh1 Ng5 31. Ne3 Rdd2 0-1

[Event "BLR-ch"]
[Site "Minsk"]
[Date "2001.??.??"]
[Round "7"]
[White "Smirnov, Valerij"]
[Black "Novitzkij, Dmitrij"]
[Result "1-0"]
[WhiteElo "2378"]
[BlackElo "2401"]
[PlyCount "43"]
[EventDate "2001.03.??"]
[Source "ChessBase"]
[SourceDate "2001.05.06"]

1. f4 e5 2. fxe5 d6 3. Nf3 g5 4. d3 g4 5. Bg5 Qd7 6. Nh4 h6 7. Bf4 Qe7 8. Bg3 dxe5 9. Nc3 Nc6 10. e4 h5 11. Be2 Bh6 12. Nd5 Qd8 13. O-O Be6 14. d4 Bxd5 15. exd5 Qxd5 16. dxe5 Qc5+ 17. Kh1 Nge7 18. Nf5 Rd8 19. Bd3 Nb4 20. Nxh6 Rxh6 21. Qc1 Qc6 22. Bb5 1-0

[Event "Barlinek POL"]
[Site "?"]
[Date "2006.06.03"]
[Round "1"]
[White "Malaniuk Vladimir P"]
[Black "Mouiwid Jury"]
[Result "1-0"]
[WhiteElo "2539"]
[BlackElo "2239"]
[PlyCount "57"]
[EventDate "2006.??.??"]
[Source "www.chesslib.no"]
[SourceDate "2004.05.04"]

1. f4 e5 2. fxe5 d6 3. exd6 Bxd6 4. Nf3 g5 5. g3 g4 6. Nh4 Ne7 7. d4 Ng6 8. Nxg6 hxg6 9. Qd3 Nc6 10. c3 Qf6 11. Nd2 Bf5 12. e4 O-O-O 13. exf5 Rde8+ 14. Kd1 gxf5 15. Nc4 Bc5 16. dxc5 Rd8 17. Kc2 Rxd3 18. Bxd3 Ne7 19. Bd2 Qc6 20. Rhe1 Qd7 21. Re2 f6 22. Rae1 Rd8 23. Nd6+ cxd6 24. Rxe7 Qa4+ 25. Kb1 dxc5 26. Bxf5+ Kb8 27. Bf4+ Ka8 28. Bc2 Qb5 29. Be4 1-0

[Event "Corr"]
[Site "?"]
[Date "1998.03.25"]
[Round "?"]
[White "Aleshnia Valery Valentinovic"]
[Black "Rak Peter (GER)"]
[Result "1/2-1/2"]
[WhiteElo "2460"]
[BlackElo "2315"]
[PlyCount "39"]
[EventDate "1998.??.??"]
[Source "www.chesslib.no"]
[SourceDate "2004.05.04"]

1. f4 e5 2. fxe5 d6 3. Nf3 dxe5 4. Nxe5 Bd6 5. Nf3 Nf6 6. e3 Ng4 7. Qe2 Nc6 8. g3 h5 9. d3 h4 10. Rg1 Nce5 11. Nbd2 Nxf3+ 12. Nxf3 hxg3 13. hxg3 Qf6 14. c3 Nh6 15. e4 Bg4 16. e5 Qxf3 17. exd6+ Qxe2+ 18. Bxe2 O-O-O 19. Bxh6 Rde8 20. Rg2 1/2-1/2

[Event "Krakow op-A"]
[Site "?"]
[Date "1999.??.??"]
[Round "?"]
[White "Jakubiec Artur"]
[Black "Pinski Jan"]
[Result "1-0"]
[WhiteElo "2426"]
[BlackElo "2346"]
[PlyCount "65"]
[EventDate "1999.??.??"]
[Source "www.chesslib.no"]
[SourceDate "2004.05.04"]

1. f4 e5 2. fxe5 d6 3. exd6 Bxd6 4. Nf3 g5 5. g3 g4 6. Nh4 Ne7 7. d4 Ng6 8. Ng2 Nc6 9. c3 Bf5 10. Nd2 Qe7 11. e4 O-O-O 12. Ne3 Bxe4 13. Nxe4 Qxe4 14. Bg2 Qe8 15. Qxg4+ Kb8 16. Bd2 h5 17. Qf3 h4 18. O-O-O h3 19. Bf1 Na5 20. Nc4 Qa4 21. Nxa5 Qxa5 22. Bc4 f5 23. Rhf1 Rhf8 24. Qh5 Rf6 25. Qxh3 Ba3 26. Bb3 Rh8 27. Qg2 Bd6 28. Bg5 Rff8 29. h4 f4 30. Qe4 fxg3 31. Rxf8+ Rxf8 32. Qxg6 Qa6 33. Qe4 1-0

[Event "Corr"]
[Site "?"]
[Date "2000.05.20"]
[Round "?"]
[White "Eilmes Don P.(USA)"]
[Black "Rodin Efim Grigorevich (R"]
[Result "1/2-1/2"]
[WhiteElo "2337"]
[BlackElo "2429"]
[PlyCount "60"]
[EventDate "2000.??.??"]
[Source "www.chesslib.no"]
[SourceDate "2004.05.04"]

1. f4 e5 2. fxe5 d6 3. exd6 Bxd6 4. Nf3 g5 5. g3 g4 6. Nh4 Ne7 7. d4 Ng6 8. Nxg6 hxg6 9. Qd3 Nc6 10. c3 Qe7 11. Bg2 Bd7 12. Bf4 Bxf4 13. gxf4 O-O-O 14. Nd2 g5 15. d5 Be6 16. f5 Ne5 17. Qd4 Bxf5 18. O-O Bg6 19. Qxa7 Qd6 20. Qa8+ Kd7 21. Qa4+ Ke7 22. Ne4 Qb6+ 23. Rf2 Qxb2 24. Qd4 Qxa1+ 25. Rf1 Qxa2 26. Qxe5+ Kd7 27. Rxf7+ Bxf7 28. Qf5+ Ke8 29. Qe5+ Kd7 30. Qf5+ Ke8 1/2-1/2